| 000 | 00000nas 2200000za 4500 |
| 001 | 9.817073 |
| 003 | CaOODSP |
| 005 | 20221107142407 |
| 007 | cr ||||||||||| |
| 008 | 160506c20159999onc x m o f000#a0eng|d |
| 040 | |aCaOODSP|beng |
| 043 | |an-cn--- |
| 086 | 1 |aPS113-1E-PDF |
| 130 | 0 |aResearch report (Canada. Public Safety Canada) |
| 245 | 10|aResearch report |h[electronic resource]. |
| 260 | |a[Ottawa] : |bPublic Safety Canada, |c2015- |
| 310 | |aIrregular |
| 362 | 0 |aR001- |
| 500 | |aIssued also in French under title: Rapport de recherche. |
| 692 | 07|2gccst|aJustice system |
| 692 | 07|2gccst|aPolicing |
| 710 | 1 |aCanada. |bPublic Safety Canada. |bResearch Division. |
| 775 | 08|tRapport de recherche |w(CaOODSP)9.817085 |